[Event "AUTO-ELITE-2593"]
[Site "http://www.queenalice.com/game.php?id=1873936"]
[Date "2026.5.26"]
[Round "2"]
[White "WoodpusherKid"]
[Black "Sexxy_Bunny"]
[Result "1/2-1/2"]
[WhiteElo "2726"]
[BlackElo "2656"]

1. d4 Nf6 2. Nf3 d5 3. c4 e6 4. g3 Be7 5. Bg2 O-O 6. O-O dxc4 7. Qc2 a6 8. a4
Bd7 9. Bg5 Bc6 10. Qxc4 Bd5 11. Qc2 Be4 12. Qd1 c5 13. dxc5 Bxc5 14. Nbd2 Bc6
15. Ne5 Bxg2 16. Kxg2 Be7 17. Rc1 Nbd7 18. Nxd7 Qxd7 19. Bxf6 Bxf6 20. Ne4 Rfd8
21. Qxd7 Rxd7 22. Rfd1 Rxd1 23. Rxd1 Bxb2 24. Rb1 Ba3 25. Rxb7 h6 26. a5 Rd8 27.
Rb6 f5 28. Nc3 Rd6 29. h4 Bc5 30. Rb8+ Kf7 31. Na4 Rd5 32. Nb6 Rd2 33. Kf1 Rb2
34. e3 Rb5 35. h5 Rxa5 36. Nc4 Ra1+ 37. Ke2 Ra2+ 38. Kd3 Rxf2 39. Ne5+ Ke7 40.
Rb7+ Kd6 41. Nc4+ Kc6 42. Na5+ Kd6 43. Nc4+ Kd5 44. Rd7+ Kc6 45. Rxg7 Rf1 46.
Rh7 Rd1+ 47. Ke2 Rg1 48. Kf2 Rh1 49. Ne5+ Kd5 50. Nd3 Bd6 51. Rxh6 Rh2+ 52. Kg1
Rh3 53. Nf4+ Bxf4 54. gxf4 Rxe3 55. Kf2 Rb3 56. Kg2 Rb2+ 57. Kg3 a5 58. Kh4 a4
59. Rh7 Ke4 60. Kg5 Rg2+ 61. Kf6 Kxf4 62. Ra7 Rh2 63. Rxa4+ Kf3 64. Kg5 Rg2+ 65.
Kf6 Rh2 66. Kg5 Rg2+ 67. Kf6 Rh2 68. Kg5 1/2-1/2

[Event "AUTO-ELITE-2593"]
[Site "http://www.queenalice.com/game.php?id=1873937"]
[Date "2026.5.26"]
[Round "2"]
[White "Sexxy_Bunny"]
[Black "WoodpusherKid"]
[Result "1/2-1/2"]
[WhiteElo "2672"]
[BlackElo "2727"]

1. e4 e5 2. Nf3 Nc6 3. Bb5 a6 4. Ba4 Nf6 5. O-O Be7 6. Re1 b5 7. Bb3 O-O 8. c3
Na5 9. Bc2 d5 10. d4 dxe4 11. Nxe5 c5 12. Be3 Bb7 13. Nd2 Rc8 14. h3 Re8 15. Ng4
Nd5 16. Bxe4 Nxe3 17. Nxe3 cxd4 18. cxd4 Bxe4 19. Nxe4 Bb4 20. Nc3 Rxc3 21. bxc3
Bxc3 22. Re2 Bxa1 23. Qxa1 Nc4 24. Qe1 Nd6 25. Nd5 Rxe2 26. Qxe2 h6 27. Nb4 Qa5
28. Nc6 Qc3 29. Ne7+ Kf8 30. Nd5 Qc1+ 31. Kh2 Qg5 32. Qe5 Qxe5+ 33. dxe5 Ne4 34.
f3 Nc5 35. Kg3 Ke8 36. f4 Kd7 37. Kf3 Ke6 38. Nc7+ Kd7 39. Nd5 Ke6 40. Nc7+ Kd7
41. Nd5 a5 42. Ke3 b4 43. Kd4 b3 44. axb3 Nxb3+ 45. Kc4 Ke6 46. g4 g5 47. Nc7+
Kd7 48. e6+ fxe6 49. Nxe6 Nd2+ 50. Kd3 Nf3 51. fxg5 Nxg5 52. Nf4 Kc6 53. Kc4 Kb6
54. h4 Nf3 55. Ng6 Kc7 56. Ne7 Nxh4 57. Ng8 a4 58. Nxh6 Kd6 59. Nf5+ Nxf5 60.
gxf5 Ke7 61. Kb4 Kf6 62. Kxa4 Kxf5 63. Kb5 1/2-1/2

[Event "AUTO-OPEN-4617"]
[Site "http://www.queenalice.com/game.php?id=1873979"]
[Date "2026.5.27"]
[Round "2"]
[White "josebaron"]
[Black "WoodpusherKid"]
[Result "0-1"]
[WhiteElo "2188"]
[BlackElo "2716"]

1. e4 e5 2. Nf3 Nc6 3. Bb5 Nf6 4. Bxc6 dxc6 5. d3 Bd6 6. O-O Be6 7. Bg5 Qe7 8.
Nc3 O-O-O 9. a4 h6 10. Bxf6 Qxf6 0-1